New Jersey Former and Current Municipalities - Statistics

General Stats
  • This quiz has been taken 31 times
    19 since last reset
  • The average score is 69 of 751
Answer Stats
Municipality % Correct
Atlantic City
77%
Camden
62%
Newark
62%
East Orange
54%
Jersey City
54%
Paterson
54%
Trenton
54%
Elizabeth
46%
Harrison
46%
Montclair
46%
Morris
46%
Ocean
46%
Princeton
46%
Washington
46%
West Orange
46%
Cape May
38%
Dover
38%
Franklin
38%
Gloucester
38%
Hackensack
38%
Kearny
38%
Middle
38%
Morristown
38%
Orange
38%
Perth Amboy
38%
Sussex
38%
Union
38%
Warren
38%
West New York
38%
Cherry Hill
31%
Clifton
31%
Edison
31%
Englewood
31%
Fort Lee
31%
Hackettstown
31%
Hoboken
31%
Jefferson
31%
Long Branch
31%
Mahwah
31%
Middlesex
31%
New Brunswick
31%
Ocean City
31%
Passaic
31%
Springfield
31%
Toms River
31%
Union City
31%
Vineland
31%
Woodbridge
31%
Absecon
23%
Asbury Park
23%
Bayonne
23%
Berlin
23%
Bloomfield
23%
Boonton
23%
Brick
23%
Burlington
23%
East Rutherford
23%
Egg Harbor
23%
Emerson
23%
Englewood Cliffs
23%
Franklin Lakes
23%
Green
23%
Jackson
23%
Lakewood
23%
Long Beach
23%
Lyndhurst
23%
Middletown
23%
Montville
23%
Newton
23%
North Bergen
23%
Paramus
23%
Rahway
23%
Ridgefield
23%
Rutherford
23%
Salem
23%
Secaucus
23%
South Orange
23%
Sparta
23%
Summit
23%
Tenafly
23%
Upper
23%
Allendale
15%
Allentown
15%
Andover
15%
Belleville
15%
Belvidere
15%
Bloomingdale
15%
Bound Brook
15%
Bridgeton
15%
Buena
15%
Buena Vista
15%
Butler
15%
Clementon
15%
Cliffside Park
15%
Clinton
15%
Denville
15%
Deptford
15%
Fairfield
15%
Far Hills
15%
Galloway
15%
Garwood
15%
Hamburg
15%
Hamilton
15%
Hanover
15%
Hasbrouck Heights
15%
Hawthorne
15%
Hills
15%
Hope
15%
Hopewell
15%
Howell
15%
Lacey
15%
Lawrence
15%
Lebanon
15%
Leonia
15%
Liberty
15%
Linden
15%
Little Egg Harbor
15%
Little Falls
15%
Little Ferry
15%
Lodi
15%
Lower
15%
Manalapan
15%
Maplewood
15%
Matawan
15%
Midland Park
15%
Milford
15%
Millburn
15%
Milltown
15%
Montvale
15%
Moonachie
15%
Moorestown
15%
Morris Plains
15%
Mount Arlington
15%
Mount Ephraim
15%
Mount Laurel
15%
New Milford
15%
North Arlington
15%
North Brunswick
15%
Palisades Park
15%
Pennsauken
15%
Plainfield
15%
Pompton Lakes
15%
Randolph
15%
Ringwood
15%
River Edge
15%
Roseland
15%
Roselle
15%
Roselle Park
15%
Rumson
15%
Somerset
15%
South Amboy
15%
South Brunswick
15%
South Plainfield
15%
Stratford
15%
Teaneck
15%
Verona
15%
Voorhees
15%
Wall
15%
Wayne
15%
Weehawken
15%
Westfield
15%
West Long Branch
15%
West Milford
15%
Winslow
15%
Woodbury
15%
Wood-Ridge
15%
Wyckoff
15%
Alexandria
8%
Allamuchy
8%
Allenhurst
8%
Alloway
8%
Alpha
8%
Alpine
8%
Audubon
8%
Audubon Park
8%
Avalon
8%
Avenel
8%
Avon-by-the-Sea
8%
Barnegat
8%
Barrington
8%
Beach Haven
8%
Beachwood
8%
Bedminster
8%
Belmar
8%
Bergenfield
8%
Bernards
8%
Bernardsville
8%
Bethlehem
8%
Bogota
8%
Bordentown
8%
Branchburg
8%
Branchville
8%
Bridgewater
8%
Brielle
8%
Califon
8%
Cape May Point
8%
Carlstadt
8%
Carteret
8%
Cedar Grove
8%
Chatham
8%
Chesilhurst
8%
Chester
8%
Chesterfield
8%
Collingswood
8%
Colonia
8%
Cranbury
8%
Cranford
8%
Cresskill
8%
Deal
8%
Delaware
8%
Demarest
8%
Dumont
8%
Dunellen
8%
East Amwell
8%
East Brunswick
8%
East Greenwich
8%
Eatontown
8%
Elmer
8%
Essex Fells
8%
Ewing
8%
Fair Haven
8%
Fair Lawn
8%
Fairview
8%
Fanwood
8%
Fieldsboro
8%
Flemington
8%
Florence
8%
Florham Park
8%
Folsom
8%
Fords
8%
Fredon
8%
Freehold
8%
Frelinghuysen
8%
Garfield
8%
Glassboro
8%
Glen Gardner
8%
Glen Ridge
8%
Glen Rock
8%
Greenwich
8%
Guttenberg
8%
Haddon
8%
Haddonfield
8%
Hainesport
8%
Haledon
8%
Hampton
8%
Harding
8%
Hardwick
8%
Hardyston
8%
High Bridge
8%
Highlands
8%
Hillside
8%
Hi-Nella
8%
Holland
8%
Holmdel
8%
Independence
8%
Irvington
8%
Keansburg
8%
Kendall Park
8%
Kenilworth
8%
Kingston
8%
Kingwood
8%
Kinnelon
8%
Knowlton
8%
Lakehurst
8%
Lambertville
8%
Laurel Springs
8%
Lincoln Park
8%
Lindenwold
8%
Little Silver
8%
Livingston
8%
Manchester
8%
Mantoloking
8%
Mendham
8%
Metuchen
8%
Millstone
8%
Millville
8%
Monroe
8%
Montague
8%
Montgomery
8%
Morganville
8%
Mount Holly
8%
Mount Olive
8%
Neptune
8%
Neptune City
8%
Netcong
8%
New Hanover
8%
New Providence
8%
North Haledon
8%
North Hanover
8%
North Plainfield
8%
Northvale
8%
Norwood
8%
Nutley
8%
Oaklyn
8%
Old Bridge
8%
Oxford
8%
Pemberton
8%
Pennington
8%
Phillipsburg
8%
Pine Hill
8%
Piscataway
8%
Plainsboro
8%
Pleasantville
8%
Point Pleasant
8%
Point Pleasant Beach
8%
Princeton Junction
8%
Quinton
8%
Ramsey
8%
Raritan
8%
Red Bank
8%
Riverdale
8%
Riverside
8%
Riverton
8%
River Vale
8%
Robbinsville
8%
Saddle Brook
8%
Saddle River
8%
Sandyston
8%
Seaside Heights
8%
Seaside Park
8%
Somerdale
8%
South Bound Brook
8%
South Harrison
8%
Spotswood
8%
Springdale
8%
Stafford
8%
Stillwater
8%
Stockton
8%
Tavistock
8%
Teterboro
8%
Tewksbury
8%
Totowa
8%
Union Beach
8%
Upper Saddle River
8%
Victory Gardens
8%
Waldwick
8%
Wallington
8%
Watchung
8%
Waterford
8%
West Amwell
8%
West Paterson
8%
Westwood
8%
Wharton
8%
Wildwood
8%
Wildwood Crest
8%
Winfield
8%
Woodland
8%
Woodlynne
8%
Aberdeen
0%
Allamuchy-Panther Valley
0%
Allenwood
0%
Alloe
0%
Annandale
0%
Ashland
0%
Atlantic Highlands
0%
Barclay-Kingston
0%
Barnegat Light
0%
Bass River
0%
Bay Head
0%
Beach Haven West
0%
Beatyestown
0%
Beckett
0%
Belford
0%
Bellmawr
0%
Berkeley
0%
Berkeley Heights
0%
Beverly
0%
Blackwood
0%
Blairstown
0%
Bloomsbury
0%
Bradley Beach
0%
Brass Castle
0%
Brigantine
0%
Brooklawn
0%
Browns Mills
0%
Brownville
0%
Budd Lake
0%
Byram
0%
Caldwell
0%
Cape May Court House
0%
Carneys Point
0%
Cedar Glen Lakes
0%
Cedar Glen West
0%
Cedarville
0%
Cinnaminson
0%
Clark
0%
Clayton
0%
Clearbrook Park
0%
Cliffwood Beach
0%
Closter
0%
Clovertown
0%
Collings Lakes
0%
Colts Neck
0%
Commercial
0%
Concordia
0%
Corbin City
0%
Country Lake Estates
0%
Crandon Lakes
0%
Crestwood Village
0%
Dayton
0%
Deerfield
0%
Delanco
0%
Delran
0%
Dennis
0%
Diamond Beach
0%
Dover Beaches North
0%
Dover Beaches South
0%
Downe
0%
Eagleswood
0%
Eastampton
0%
East Freehold
0%
East Hanover
0%
East Newark
0%
East Windsor
0%
Echelon
0%
Edgewater
0%
Edgewater Park
0%
Egg Harbor City
0%
Elk
0%
Elmwood Park
0%
Elsinboro
0%
Elwood-Magnolia
0%
Englishtown
0%
Erlton-Ellisburg
0%
Erma
0%
Estell Manor
0%
Evesham
0%
Fairton
0%
Farmingdale
0%
Florence-Roebling
0%
Forked River
0%
Fort Dix
0%
Frankford
0%
Frenchtown
0%
Gibbsboro
0%
Gibbstown
0%
Glendora
0%
Gloucester City
0%
Golden Triangle
0%
Great Meadows-Vienna
0%
Green Brook
0%
Greentree
0%
Haddon Heights
0%
Hammonton
0%
Harmony
0%
Harrington Park
0%
Harvey Cedars
0%
Haworth
0%
Hazlet
0%
Heathcote
0%
Helmetta
0%
Highland Lake
0%
Highland Park
0%
Hightstown
0%
Hillsdale
0%
Ho-Ho-Kus
0%
Holiday City-Berkeley
0%
Holiday City South
0%
Holiday Heights
0%
Hopatcong
0%
Interlaken
0%
Iselin
0%
Island Heights
0%
Jamesburg
0%
Keyport
0%
Lafayette
0%
Lake Mohawk
0%
Lake Telemark
0%
Laurel Lake
0%
Laurence Harbor
0%
Lavallette
0%
Lawnside
0%
Lawrenceville
0%
Leisure Knoll
0%
Leisuretowne
0%
Leisure Village
0%
Leisure Village East
0%
Leisure Village West-Pine Lake Park
0%
Leonardo
0%
Lincroft
0%
Linwood
0%
Loch Arbour village
0%
Logan
0%
Long Hill
0%
Longport
0%
Long Valley
0%
Lopatcong
0%
Lower Alloways Creek
0%
Lumberton
0%
Madison
0%
Madison Park
0%
Magnolia
0%
Manahawkin
0%
Manasquan
0%
Mannington
0%
Mansfield
0%
Mantua
0%
Manville
0%
Maple Shade
0%
Margate City
0%
Marlboro
0%
Marlton
0%
Maurice River
0%
Mays Landing
0%
Maywood
0%
McGuire AFB
0%
Medford
0%
Medford Lakes
0%
Mercerville-Hamilton Square
0%
Merchantville
0%
Mine Hill
0%
Monmouth Beach
0%
Monmouth Junction
0%
Moorestown-Lenola
0%
Mountain Lakes
0%
Mountainside
0%
Mullica
0%
Mullica Hill
0%
Municipality
0%
Mystic Island
0%
National Park
0%
Navesink
0%
New Egypt
0%
Newfield
0%
North Beach Haven
0%
North Brunswick Township
0%
North Caldwell
0%
North Cape May
0%
Northfield
0%
North Middletown
0%
North Wildwood
0%
Oakhurst
0%
Oakland
0%
Oak Valley
0%
Ocean Acres
0%
Ocean Gate
0%
Ocean Grove
0%
Oceanport
0%
Ogdensburg
0%
Oldmans
0%
Old Tappan
0%
Olivet
0%
Oradell
0%
Palmyra
0%
Park Ridge
0%
Parsippany-Troy Hills
0%
Paulsboro
0%
Peapack and Gladstone
0%
Pemberton Heights
0%
Penns Grove
0%
Pennsville
0%
Pequannock
0%
Pilesgrove
0%
Pine Beach
0%
Pine Ridge at Crestwood
0%
Pine Valley
0%
Pitman
0%
Pittsgrove
0%
Plainsboro Center
0%
Plumsted
0%
Pohatcong
0%
Pomona
0%
Port Monmouth
0%
Port Norris
0%
Port Reading
0%
Port Republic
0%
Presidential Lakes Estates
0%
Princeton Meadows
0%
Princeton North
0%
Prospect Park
0%
Ramblewood
0%
Ramtown
0%
Readington
0%
Ridgefield Park village
0%
Ridgewood village
0%
Rio Grande
0%
Rochelle Park
0%
Rockaway
0%
Rockleigh
0%
Rocky Hill
0%
Roosevelt
0%
Rosenhayn
0%
Rossmoor
0%
Roxbury
0%
Runnemede
0%
Sayreville
0%
Scotch Plains
0%
Sea Bright
0%
Seabrook Farms
0%
Sea Girt
0%
Sea Isle City
0%
Sewaren
0%
Shamong
0%
Shark River Hills
0%
Shiloh
0%
Ship Bottom
0%
Shrewsbury
0%
Silver Ridge
0%
Society Hill
0%
Somers Point
0%
Somerville
0%
Southampton
0%
South Belmar
0%
South Hackensack
0%
South River
0%
South Toms River
0%
Spring Lake
0%
Spring Lake Heights
0%
Stanhope
0%
Stone Harbor
0%
Stow Creek
0%
Strathmere
0%
Strathmore
0%
Succasunna-Kenvil
0%
Surf City
0%
Swedesboro
0%
Tabernacle
0%
Tinton Falls
0%
Tuckerton
0%
Turnersville
0%
Twin Rivers
0%
Upper Deerfield
0%
Upper Freehold
0%
Upper Pittsgrove
0%
Ventnor City
0%
Vernon
0%
Vernon Valley
0%
Victory Lakes
0%
Villas
0%
Vista Center
0%
Walpack
0%
Wanamassa
0%
Wanaque
0%
Wantage
0%
Waretown
0%
Washington Township
0%
Wenonah
0%
Westampton
0%
West Belmar
0%
West Caldwell
0%
West Cape May
0%
West Deptford
0%
West Freehold
0%
Westville
0%
West Wildwood
0%
West Windsor
0%
Weymouth
0%
White
0%
White Horse
0%
White House Station
0%
White Meadow Lake
0%
Whitesboro-Burleigh
0%
Whittingham
0%
Williamstown
0%
Willingboro
0%
Woodbine
0%
Woodbury Heights
0%
Woodcliff Lake
0%
Woodstown
0%
Woolwich
0%
Wrightstown
0%
Yardville-Groveville
0%
Yorketown
0%
No matching quizzes found
Score Distribution
Percent of People with Each Score
Percentile by Number Answered
Your Score History
You have not taken this quiz since the last reset